| 000 | 00731nam a2200193 a 4500 | ||
|---|---|---|---|
| 003 | 0 | ||
| 005 | 20250602160237.0 | ||
| 008 | 021119s19uu xx 00 eng d | ||
| 050 |
_aPHS BF 637.C6 _b.Ar38 2002 |
||
| 100 | _aArguelles, Merry-Christianne A. | ||
| 245 |
_aCoping strategies of selected working college students in Batangas City / _cMerry-Christianne A. Arguelles. |
||
| 260 |
_aLas PiƱas City, Philippines : _bSouthville International School and Colleges, _c2002. |
||
| 300 |
_a32 pages : _billustrations ; _c28 cm. |
||
| 504 | _aIncludes bibliographical references. | ||
| 650 | _aStress management. | ||
| 650 | _aWork-life balance. | ||
| 650 |
_aStudent employment _zPhilippines _zBatangas City. |
||
| 942 |
_cPASS _2lcc |
||
| 999 |
_c96677 _d96677 |
||